00553nam a22002177a 450000500170000001000110001702000100002803500110003803700160004904000120006508200130007710000190009024500530010926000350016227000340019730000270023150000200025865000290027865000250030770000030033220170124110104.0 a793754 c00.00 a793754 bCen Lib/Ret aDPLbEN a921bLEH aLehmann, John  aVirginia Woolf and her world /cby John Lehmann  aLondonbThams and hudsonc1975 bLondon a52 Tavistock square  a128p.:c21cm(Hb)bill. aIncludes index  aWomen novelists, English aWomen and literature